| 000 | 01035nam a22003137a 4500 | ||
|---|---|---|---|
| 001 | BR7906828 | ||
| 003 | BR-BrBNA | ||
| 005 | 20230928090221.0 | ||
| 007 | ta | ||
| 008 | 230509b bl.||||| |||| 00| 0 por d | ||
| 040 |
_aBR-BrBNA _bpor _cBiblioteca Nacional de Agricultura |
||
| 041 | _a(Por) | ||
| 072 |
_aF00; E30 _b2480 _b3530 _b4420 _b/G514 |
||
| 090 | _ 2480 BR7906828 | ||
| 110 | 1 |
_aEmpresa de Assistencia Tecnica e Extensao Rural do Estado do Para, Belem (Brasil). Gerencia de Heveicultura _94042 |
|
| 245 | 1 | _aProjeto de infra-estrutura botanica. Relatorio trimestral de atividades abril/maio/junho/79 [Seringueira; Hevea brasiliensis; Muda; Viveiro; Plantio; Projeto agricola; Para; Brasil] | |
| 260 | 3 |
_aBelem, PA (Brasil): _c1979. |
|
| 300 | _a9 p. | ||
| 500 | _a7 tables | ||
| 650 | _aDESENVOLVIMENTO AGRICOLA | ||
| 650 | _aSERINGUEIRA | ||
| 650 | _aMUDA | ||
| 650 | _aVIVEIRO | ||
| 650 | _aPLANTIO | ||
| 650 | _aPROJETO AGRICOLA | ||
| 650 | _aPARA | ||
| 909 |
_a202309 _bLucia _c55 _dLucia Elande |
||
| 942 | _cBK | ||
| 999 |
_c28087 _d28087 |
||